[Event "Nationale 1 Lyon-Grasse"]
[Site "Avignon"]
[Date "2007.11.24"]
[Round "2.2"]
[White "Dobrev, N."]
[Black "Doncea, V."]
[Result "0-1"]
[WhiteElo "2448"]
[BlackElo "2451"]
[Annotator "Avignon,Club"]
[PlyCount "74"]
[EventDate "2007.??.??"]

{159MB, DFritz10.ctg} 1. d4 c5 2. d5 g6 3. e4 Bg7 4. f4 d6 5. Nf3 Nf6 6. Nc3
O-O 7. Bd3 a6 8. a4 e6 9. O-O exd5 10. exd5 Bg4 11. h3 Bxf3 12. Qxf3 Nbd7 13.
Be3 Qc7 14. Rfe1 Rfe8 15. Bf2 Rab8 16. Bf1 Qa5 17. g4 h6 18. Kg2 Rxe1 19. Rxe1
b5 20. axb5 axb5 21. Kg1 Qb4 22. Nd1 Nb6 23. b3 Nfxd5 24. c4 bxc4 25. bxc4 Bd4
26. Bxd4 cxd4 27. Re4 Nxc4 28. Qf2 Nce3 29. Nxe3 dxe3 30. Qc2 Qe1 31. Qe2 Rb1
32. Kg2 Qc1 33. Rc4 Nxf4+ 34. Rxf4 Rb2 35. Kf3 Rxe2 36. Bxe2 d5 37. h4 Qg1 0-1

[Event "Nationale 1 Lyon-Grasse"]
[Site "Avignon"]
[Date "2007.11.24"]
[Round "2.3"]
[White "Benitah, Y."]
[Black "Dunis, A."]
[Result "1/2-1/2"]
[WhiteElo "2423"]
[BlackElo "2504"]
[Annotator "Avignon,Club"]
[PlyCount "79"]
[EventDate "2007.??.??"]

{159MB, DFritz10.ctg} 1. d4 d5 2. c4 c6 3. e3 Bf5 4. Nc3 e6 5. Nf3 Nd7 6. Be2
h6 7. Bd3 Bxd3 8. Qxd3 Ngf6 9. O-O Bb4 10. Bd2 a5 11. a3 Be7 12. Rad1 O-O 13.
e4 dxe4 14. Nxe4 Qb6 15. Nxf6+ Bxf6 16. Be3 Qa6 17. a4 Rfd8 18. b3 Rab8 19. Qe2
b5 20. cxb5 cxb5 21. d5 e5 22. h3 Qb7 23. Nd2 bxa4 24. bxa4 Qxd5 25. Nc4 Qc6
26. Nxa5 Qxa4 27. Nc4 Nf8 28. Ra1 Qe8 29. Ra6 Ne6 30. Nd6 Qf8 31. Ne4 Bg5 32.
Nxg5 hxg5 33. Ba7 Ra8 34. Qxe5 Qe7 35. Rfa1 Qb7 36. R6a2 Rd5 37. Qg3 Rad8 38.
Kh2 Qc7 39. Qxc7 Nxc7 40. Bb6 1/2-1/2

[Event "Nationale 1 Avignon-Besançon"]
[Site "Avignon"]
[Date "2007.11.24"]
[Round "2.7"]
[White "Minet, S."]
[Black "Cursoux, L."]
[Result "0-1"]
[WhiteElo "2166"]
[BlackElo "2243"]
[Annotator "Avignon,Club"]
[PlyCount "90"]
[EventDate "2007.??.??"]

{159MB, DFritz10.ctg} 1. b3 e5 2. Bb2 Nc6 3. e3 a6 4. c4 Nf6 5. Nc3 d5 6. cxd5
Nxd5 7. Nf3 Bg4 8. Nxd5 Qxd5 9. Bc4 Qd7 10. h3 Bxf3 11. Qxf3 O-O-O 12. O-O-O f5
13. g4 g6 14. gxf5 gxf5 15. Rhg1 Bd6 16. Rg5 Rhf8 17. Kb1 e4 18. Qh5 Be5 19. d4
Kb8 20. Rdg1 b5 21. Be2 Bh8 22. Rc1 Ne7 23. Ba3 Bf6 24. Bxe7 Bxe7 25. Rg7 Qe6
26. Qxh7 Bd6 27. Rgxc7 Bxc7 28. Qxc7+ Ka8 29. Bxb5 axb5 30. Rc6 Qxc6 31. Qxc6+
Ka7 32. Qxb5 Rc8 33. Qd7+ Kb8 34. Kb2 Rc7 35. Qb5+ Ka7 36. h4 Rfc8 37. Qxf5
Rc2+ 38. Ka3 R8c6 39. Qh7+ Kb8 40. Qd7 Ra6+ 41. Kb4 Rb6+ 42. Ka5 Rb7 43. Qd8+
Ka7 44. a4 Rc6 45. Qg5 Ra6# 0-1

[Event "Nationale 1 Toulouse-Cannes"]
[Site "Avignon"]
[Date "2007.11.24"]
[Round "2.1"]
[White "Van Elst"]
[Black "Sanchez, J."]
[Result "1-0"]
[WhiteElo "2350"]
[BlackElo "2496"]
[Annotator "Avignon,Club"]
[PlyCount "101"]
[EventDate "2007.??.??"]

{159MB, DFritz10.ctg} 1. d4 Nf6 2. c4 c6 3. Nc3 d5 4. e3 a6 5. Qc2 Bg4 6. Bd3
e6 7. Nge2 Nbd7 8. Ng3 dxc4 9. Bxc4 c5 10. h3 cxd4 11. exd4 Rc8 12. Bb3 Bh5 13.
Nxh5 Nxh5 14. d5 e5 15. O-O Bb4 16. Qe2 Nhf6 17. Ne4 Nxe4 18. Qxe4 Bd6 19. Qg4
g6 20. Bh6 f5 21. Qg3 Kf7 22. Rac1 Qa5 23. Qh4 Nc5 24. Bg5 h5 25. Rxc5 Qxc5 26.
Be7 Bxe7 27. d6+ Kg7 28. Qxe7+ Kh6 29. h4 Rce8 30. Qg5+ Kg7 31. Rd1 Qb4 32. d7
Rd8 33. Rd5 Qf4 34. Qe7+ Kh6 35. g3 Qg4 36. Bd1 Qc4 37. Qg5+ Kg7 38. Rd6 Qf7
39. Bb3 Rxd7 40. Bxf7 Rxd6 41. Qe7 Rhd8 42. Bb3+ Kh6 43. Qxe5 b5 44. Kg2 Kh7
45. Qe7+ Kh6 46. Bg8 R6d7 47. Qg5+ Kg7 48. Be6 Rd6 49. Bxf5 Re8 50. Bc2 Re2 51.
Kf1 1-0

[Event "Nationale 1 Lyon-Grasse"]
[Site "Avignon"]
[Date "2007.11.24"]
[Round "2.7"]
[White "Lacour"]
[Black "Henneteau"]
[Result "0-1"]
[WhiteElo "2186"]
[BlackElo "2119"]
[Annotator "Avignon,Club"]
[PlyCount "86"]
[EventDate "2007.??.??"]

{159MB, DFritz10.ctg} 1. d4 Nf6 2. c4 e6 3. Nf3 Bb4+ 4. Bd2 Qe7 5. g3 Nc6 6.
Bg2 O-O 7. O-O Bxd2 8. Nbxd2 a5 9. e4 d6 10. e5 Nd7 11. Re1 dxe5 12. dxe5 Nc5
13. a3 Rd8 14. Qc2 h6 15. Rad1 Bd7 16. Nf1 Be8 17. g4 Rxd1 18. Rxd1 Rd8 19. h4
Rxd1 20. Qxd1 Qd7 21. Qc1 b6 22. Ng3 Nd3 23. Qe3 Nf4 24. Qc1 Nxg2 25. Kxg2 Nd4
26. Qf4 Nxf3 27. Kxf3 Qd1+ 28. Kg2 Bc6+ 29. Kh2 Qb3 30. g5 hxg5 31. hxg5 Qd3
32. Kg1 Qb1+ 33. Kh2 Qh7+ 34. Kg1 Qb1+ 35. Kh2 Qxb2 36. g6 fxg6 37. Kg1 Qb1+
38. Kh2 Qd3 39. Qg5 Qd4 40. Kg1 Qd1+ 41. Kh2 Qd4 42. Kh3 Kf7 43. Ne2 Qxf2 0-1

[Event "Nationale 1 Lyon-Grasse"]
[Site "Avignon"]
[Date "2007.11.24"]
[Round "2.8"]
[White "Forestier, C."]
[Black "Mehiaoui, D."]
[Result "1-0"]
[WhiteElo "1975"]
[BlackElo "1874"]
[Annotator "Avignon,Club"]
[PlyCount "87"]
[EventDate "2007.??.??"]

{159MB, DFritz10.ctg} 1. d4 Nf6 2. c4 c5 3. d5 b5 4. cxb5 a6 5. bxa6 g6 6. g3
d6 7. Bg2 Bg7 8. Nf3 Bxa6 9. Nc3 Nbd7 10. Rb1 Qa5 11. O-O O-O 12. Qc2 Rfb8 13.
b3 Ng4 14. Bd2 Qa3 15. Bh3 Ngf6 16. Rbd1 c4 17. Nd4 cxb3 18. axb3 Qc5 19. Nc6
Bxe2 20. Be3 Bxd1 21. Rxd1 Qa3 22. Nxb8 Rxb8 23. Rb1 Nc5 24. Bc1 Qb4 25. Bf1
Nfd7 26. Na2 Qb7 27. b4 Ne5 28. Be2 Ncd7 29. f4 Qxd5 30. fxe5 Bxe5 31. Be3 Nf6
32. Rd1 Qb7 33. b5 Nd5 34. Bf2 Rc8 35. Qe4 e6 36. Nb4 f5 37. Qg2 Qc7 38. Nxd5
exd5 39. Qxd5+ Kg7 40. Bd4 Kf6 41. Bxe5+ dxe5 42. Qd6+ Qxd6 43. Rxd6+ Ke7 44.
Rc6 1-0

[Event "Nationale 1 Toulouse-Cannes"]
[Site "Avignon"]
[Date "2007.11.24"]
[Round "2.3"]
[White "Planel"]
[Black "Govciyan"]
[Result "0-1"]
[WhiteElo "2185"]
[BlackElo "2417"]
[Annotator "Avignon,Club"]
[PlyCount "100"]
[EventDate "2007.??.??"]

{159MB, DFritz10.ctg} 1. e4 e5 2. Nf3 Nc6 3. Bc4 Nf6 4. d3 Be7 5. Nbd2 O-O 6.
O-O d6 7. c3 Na5 8. Bb5 a6 9. Ba4 c5 10. Re1 Qc7 11. Nf1 Be6 12. Ng3 Rad8 13.
Bc2 Nc6 14. Qe2 Rfe8 15. h3 d5 16. Ng5 Bc8 17. exd5 Nxd5 18. Qh5 Bxg5 19. Bxg5
f6 20. Be3 Nxe3 21. Rxe3 Qf7 22. Qh4 Ne7 23. Qa4 Be6 24. Ne4 Nd5 25. Rf3 Qc7
26. Re1 Bf7 27. Qa3 b6 28. Bb3 Qb7 29. Ba4 Re6 30. Bb3 Rc6 31. Bc4 b5 32. Bb3
Qc7 33. Rg3 a5 34. c4 b4 35. Qa4 Nf4 36. Bc2 Be8 37. Bb1 Ra6 38. Qc2 Bg6 39.
Qc1 a4 40. Qe3 Rd4 41. Kh1 a3 42. b3 Bxe4 43. dxe4 Rad6 44. Kh2 Rd2 45. Rf3 Rb2
46. Rxf4 exf4 47. Qxf4 Rd7 48. e5 Re7 49. Qf5 Rxe5 50. Qxh7+ Kf8 0-1

[Event "Nationale 1 Toulouse-Cannes"]
[Site "Avignon"]
[Date "2007.11.24"]
[Round "2.7"]
[White "Tournier"]
[Black "Canneva"]
[Result "1/2-1/2"]
[WhiteElo "2225"]
[BlackElo "2087"]
[Annotator "Avignon,Club"]
[PlyCount "91"]
[EventDate "2007.??.??"]

{159MB, DFritz10.ctg} 1. e4 c5 2. c3 d5 3. exd5 Qxd5 4. d4 Nc6 5. Nf3 Bg4 6.
Be2 e6 7. h3 Bh5 8. c4 Qd7 9. d5 Bxf3 10. Bxf3 Nd4 11. Be3 e5 12. O-O Bd6 13.
b4 b6 14. Bxd4 exd4 15. Nd2 Ne7 16. Ne4 O-O 17. a4 Ng6 18. bxc5 bxc5 19. Rb1
Ne5 20. Be2 Rfe8 21. Ng3 Ng6 22. Bg4 Qc7 23. Nf5 Ne5 24. Be2 g6 25. Nh4 Rab8
26. Nf3 Rxb1 27. Qxb1 Nxf3+ 28. Bxf3 Qe7 29. g3 Qd7 30. Qb5 Qe7 31. Qb1 h5 32.
h4 Qe5 33. Qd1 Re7 34. Bg2 Qe2 35. Qxe2 Rxe2 36. Ra1 Rc2 37. Bf1 Rc3 38. a5 Kg7
39. a6 Kf6 40. Kg2 Bc7 41. Ra2 Kf5 42. Re2 Bd6 43. Rb2 d3 44. Kf3 Be5 45. Rd2
Ra3 46. Rxd3 1/2-1/2

[Event "Nationale 1 Avignon-Besançon"]
[Site "Avignon"]
[Date "2007.11.24"]
[Round "2.5"]
[White "Crut, A."]
[Black "Duquesnoy, JP."]
[Result "1-0"]
[WhiteElo "2317"]
[BlackElo "2259"]
[Annotator "Avignon,Club"]
[PlyCount "87"]
[EventDate "2007.??.??"]

{159MB, DFritz10.ctg} 1. e4 c5 2. Nf3 Nc6 3. Bb5 g6 4. Bxc6 dxc6 5. h3 Bg7 6.
d3 Nf6 7. Nc3 Nd7 8. Be3 e5 9. Qd2 h6 10. O-O Qe7 11. Nh2 Nf8 12. f4 exf4 13.
Rxf4 Be6 14. Raf1 Nd7 15. Ne2 b6 16. R4f2 f6 17. a4 a5 18. d4 cxd4 19. Nxd4 Bc4
20. Nxc6 Qxe4 21. Re1 Qxc6 22. Bxh6+ Kf7 23. Bxg7 Rh5 24. Bxf6 Nxf6 25. Ng4 Qc5
26. Nxf6 Rf5 27. Ne4 Rxf2 28. Qxf2+ Qxf2+ 29. Kxf2 Bd5 30. Nd6+ Kf6 31. c4 Bc6
32. b3 Rd8 33. Ne4+ Kf5 34. Ng3+ Kf6 35. Re3 Rd2+ 36. Ne2 Rb2 37. g4 Bd7 38.
Kg3 g5 39. h4 Bc6 40. h5 Rb1 41. Nd4 Bd7 42. Nf3 Be6 43. Rd3 Rb2 44. h6 1-0

[Event "Nationale 1 Cannes-Toulouse"]
[Site "Avignon"]
[Date "2007.11.24"]
[Round "2.6"]
[White "Marino"]
[Black "Pasquier"]
[Result "0-1"]
[WhiteElo "2125"]
[BlackElo "2233"]
[Annotator "Avignon,Club"]
[PlyCount "90"]
[EventDate "2007.??.??"]

{159MB, DFritz10.ctg} 1. e4 c5 2. Nf3 e6 3. d4 cxd4 4. Nxd4 a6 5. Bd3 Bc5 6.
Nb3 Ba7 7. Qg4 Nf6 8. Qg3 d6 9. O-O Nc6 10. Be3 Bxe3 11. Qxe3 e5 12. a4 Be6 13.
N1d2 O-O 14. Rad1 Rc8 15. c3 Ng4 16. Qe2 Qb6 17. Bc2 Nf6 18. Qe3 Qc7 19. Rc1
Ne7 20. Rfe1 Ng6 21. g3 Rfe8 22. Bd1 Nf8 23. Na1 Qc6 24. a5 d5 25. exd5 Qxd5
26. Bf3 Qxa5 27. Bxb7 Rb8 28. b4 Qa4 29. Bf3 N8d7 30. Bd1 Qc6 31. Nab3 Bh3 32.
Bf3 Qc7 33. Na5 e4 34. Bg2 Bxg2 35. Kxg2 h5 36. Ndb3 Ne5 37. Qc5 Qd7 38. Rcd1
Qg4 39. Qe3 Nf3 40. Rf1 Ng5 41. Kh1 Qh3 42. g4 Nf3 43. Qf4 Nxg4 44. Qg3 Qxh2+
45. Qxh2 Ngxh2 0-1

[Event "Nationale 1 Avignon-Besançon"]
[Site "Avignon"]
[Date "2007.11.24"]
[Round "2.1"]
[White "Charnushevich, A."]
[Black "Lacasa Diaz, J."]
[Result "1/2-1/2"]
[WhiteElo "2533"]
[BlackElo "2393"]
[Annotator "Avignon,Club"]
[PlyCount "107"]
[EventDate "2007.??.??"]

{159MB, DFritz10.ctg} 1. Nf3 c5 2. c4 g6 3. Nc3 Bg7 4. d4 cxd4 5. Nxd4 Nc6 6.
Nc2 Bxc3+ 7. bxc3 Qa5 8. Bd2 Nf6 9. f3 b6 10. e4 O-O 11. Be2 d6 12. Nb4 Qc5 13.
Qc1 Ne5 14. Be3 Qc7 15. Nd5 Nxd5 16. cxd5 f5 17. O-O fxe4 18. fxe4 Bg4 19. Bxg4
Nxg4 20. Bd4 Rxf1+ 21. Qxf1 Rf8 22. Qd3 Ne5 23. Qg3 Rf6 24. h3 e6 25. Kh2 exd5
26. exd5 Rf5 27. Re1 Qe7 28. a4 Rg5 29. Qe3 Rh5 30. Kg1 Rf5 31. a5 Qb7 32. axb6
axb6 33. Qe4 b5 34. Rb1 Qd7 35. Qe2 Qe8 36. Qxb5 Qxb5 37. Rxb5 h5 38. Rb6 Nf7
39. Rb8+ Kh7 40. Rf8 h4 41. c4 g5 42. Bc3 Kg6 43. Rg8+ Kh6 44. Rc8 Kh5 45. Bb4
g4 46. hxg4+ Kxg4 47. Rg8+ Kh5 48. Be1 Rf4 49. Rg7 Ne5 50. c5 dxc5 51. d6 Rd4
52. Rc7 Nd3 53. Bf2 Nxf2 54. Kxf2 1/2-1/2

[Event "Nationale 1 Cannes-Toulouse"]
[Site "Avignon"]
[Date "2007.11.24"]
[Round "2.2"]
[White "Guidarelli, L."]
[Black "Luminais, E."]
[Result "1-0"]
[WhiteElo "2442"]
[BlackElo "2231"]
[Annotator "Avignon,Club"]
[PlyCount "115"]
[EventDate "2007.??.??"]

{159MB, DFritz10.ctg} 1. d4 Nf6 2. c4 d6 3. g3 e5 4. Nf3 Nbd7 5. Bg2 Be7 6. O-O
c6 7. Nc3 O-O 8. Qc2 Re8 9. b3 Qc7 10. Bb2 Bf8 11. Rfd1 e4 12. Ne1 d5 13. Bc1
a6 14. cxd5 cxd5 15. Nxe4 Qxc2 16. Nxf6+ Nxf6 17. Nxc2 Bf5 18. Ne3 Be4 19. Bh3
Bb4 20. Bb2 a5 21. Rac1 Bd6 22. a3 Ra6 23. Rc3 h6 24. f3 Bh7 25. Rdc1 Kf8 26.
Kf2 Rb6 27. Nf1 h5 28. Nd2 h4 29. e3 hxg3+ 30. hxg3 g5 31. g4 Ke7 32. Bf1 Kd7
33. Bd3 Bxd3 34. Rxd3 Rh8 35. Nf1 Ne8 36. Rc5 Rc6 37. Rxc6 bxc6 38. a4 Bb4 39.
Bc3 Bxc3 40. Rxc3 Nd6 41. Rc5 Nb7 42. Rc1 Nd6 43. Kg3 Rb8 44. Nd2 Re8 45. Re1
Rb8 46. Rh1 Ke7 47. Rh5 f6 48. Kf2 Ke6 49. Ke2 Nf7 50. Kd3 Rb6 51. Rh1 Ra6 52.
Kc3 Rb6 53. Nf1 Rb8 54. Ng3 Rb7 55. Rh7 Rb8 56. Nh5 Rf8 57. f4 Rg8 58. Ng7+ 1-0

[Event "Nationale 1 Toulouse-Cannes"]
[Site "Avignon"]
[Date "2007.11.24"]
[Round "2.5"]
[White "Benmesbah, N."]
[Black "Kerbrat, J."]
[Result "0-1"]
[WhiteElo "2211"]
[BlackElo "2171"]
[Annotator "Avignon,Club"]
[PlyCount "152"]
[EventDate "2007.??.??"]

{159MB, DFritz10.ctg} 1. e4 {0} c5 2. Nf3 e6 3. b3 Nc6 4. Bb2 d6 5. Bb5 e5 6.
O-O Nge7 7. a4 g6 8. b4 b6 9. bxc5 bxc5 10. c3 a6 11. Bc4 Na5 12. Ba2 Qb6 13.
Bc1 Bg7 14. Na3 Bd7 15. Ng5 O-O 16. Qf3 Be8 17. Rb1 Qc6 18. d4 h6 19. Nh3 Qxa4
20. dxc5 dxc5 21. Qe3 Rc8 22. f4 exf4 23. Nxf4 Bc6 24. Nd5 Nxd5 25. exd5 Bd7
26. Kh1 Qh4 27. Bd2 Rce8 28. Qf2 Qxf2 29. Rxf2 Rb8 30. c4 Rxb1+ 31. Nxb1 Nb7
32. Nc3 Re8 33. Re2 Rxe2 34. Nxe2 g5 35. Kg1 Bf5 36. Kf2 Nd6 {0} 37. Ke3 Bc2
38. Ba5 f5 39. Bc7 Be5 40. Bb6 Ne4 41. g3 Kf7 42. Ba7 a5 43. Nc1 f4+ 44. Kf3
fxg3 45. hxg3 Bxg3 46. Bxc5 Nxc5 47. Kxg3 a4 48. Ne2 Bb3 49. Bxb3 axb3 50. Nc3
b2 51. Kf3 Na4 52. Nb1 Nb6 53. c5 Nxd5 54. Ke4 Ke6 55. Kd3 g4 56. Kc2 g3 57.
Nd2 g2 58. Nf3 h5 59. Kxb2 h4 60. Kc2 h3 61. Ng5+ Kf5 62. Nxh3 Kg4 63. Ng1 Kg3
64. Kd2 Kf2 65. Ne2 Kf1 66. Ng3+ Kg1 67. Ke1 Kh2 68. Nf1+ Kh3 69. Kf2 Nc3 70.
Nd2 Ne4+ 71. Nxe4 Kh2 72. Ke3 g1=Q+ 73. Kd3 Qg6 74. Kd4 Qc6 75. Nd6 Kg3 76. Nc4
Kf4 0-1

[Event "Nationale 1 Avignon-Besançon"]
[Site "Avignon"]
[Date "2007.11.24"]
[Round "2.3"]
[White "Claverie, C."]
[Black "Hinks-Edwards, T."]
[Result "0-1"]
[WhiteElo "2320"]
[BlackElo "2363"]
[Annotator "Avignon,Club"]
[PlyCount "132"]
[EventDate "2007.??.??"]

{159MB, DFritz10.ctg} 1. d4 Nf6 2. Bg5 e6 3. e4 h6 4. Bxf6 Qxf6 5. Nc3 d6 6.
Qd2 c6 7. f4 e5 8. dxe5 dxe5 9. f5 Bb4 10. Nf3 Nd7 11. a3 Ba5 12. g4 Qe7 13.
Bd3 Nf6 14. h3 Bd7 15. Qh2 Bc7 16. Qg1 b6 17. Rh2 O-O-O 18. O-O-O Kb7 19. Kb1
b5 20. Qg3 a6 21. Re2 Rhe8 22. Qg2 Ba5 23. Na2 Bc8 24. b4 Bb6 25. Ree1 Ka7 26.
Qe2 Bb7 27. c3 c5 28. Kb2 g6 29. fxg6 fxg6 30. Bc2 c4 31. Rxd8 Rxd8 32. a4 Kb8
33. a5 Ba7 34. Qh2 Re8 35. Rc1 Nd7 36. Rd1 Nf6 37. Rf1 Nd7 38. Rd1 Kc7 39. g5
hxg5 40. Qg3 Be3 41. h4 Bf4 42. Qg4 gxh4 43. Nxh4 Qe6 44. Qxg6 Qxg6 45. Nxg6
Rg8 46. Ne7 Rg2 47. Nd5+ Bxd5 48. exd5 Kd6 49. Kb1 Nf6 50. Rh1 e4 51. Rf1 Be5
52. Rxf6+ Bxf6 53. Bxe4 Re2 54. Bf5 Kxd5 55. Bc8 Kc6 56. Bg4 Rf2 57. Bh3 Bg5
58. Bc8 Rf8 59. Bh3 Kd5 60. Bd7 Ke4 61. Bc6+ Kd3 62. Bb7 Rf1+ 63. Kb2 Rf2+ 64.
Kb1 Rf6 65. Kb2 Bd2 66. Bc8 Rf2 0-1

[Event "Nationale 1 Lyon-Grasse"]
[Site "Avignon"]
[Date "2007.11.24"]
[Round "2.4"]
[White "Andonov, B."]
[Black "Renaze, L."]
[Result "1-0"]
[WhiteElo "2361"]
[BlackElo "2346"]
[Annotator "Avignon,Club"]
[PlyCount "131"]
[EventDate "2007.??.??"]

{159MB, DFritz10.ctg} 1. Nf3 Nf6 2. c4 c6 3. d4 d5 4. cxd5 cxd5 5. Nc3 Nc6 6.
Bf4 a6 7. Rc1 e6 8. e3 Be7 9. h3 O-O 10. a3 Bd7 11. Bd3 b5 12. O-O b4 13. axb4
Nxb4 14. Bb1 Rc8 15. Ne5 Bb5 16. Nxb5 axb5 17. Qe2 Qb6 18. Bg5 Qb7 19. Nd3 Ne4
20. Bf4 Nxd3 21. Bxd3 Nd6 22. b3 Rxc1 23. Rxc1 b4 24. Rc5 Ne8 25. Rb5 Qa7 26.
Qc2 h6 27. Qc6 Qa1+ 28. Kh2 Qc3 29. Qxc3 bxc3 30. Rb7 Bd6 31. Bxd6 Nxd6 32. Rd7
Rc8 33. Rxd6 c2 34. Bxc2 Rxc2 35. Rd8+ Kh7 36. Kg3 g5 37. b4 Rb2 38. Rb8 Kg7
39. b5 Kh7 40. b6 Kg7 41. b7 Rb3 42. Kg4 Rb2 43. g3 Rb1 44. f3 Rb2 45. e4 Kf6
46. Kh5 Kg7 47. h4 gxh4 48. Kxh4 Rb1 49. exd5 exd5 50. Kg4 Kf6 51. Kf4 Rb6 52.
Rd8 Rxb7 53. Rxd5 Rb1 54. Rh5 Kg6 55. g4 f6 56. Ke4 Re1+ 57. Kd5 Rf1 58. Rh3
Kf7 59. Kd6 f5 60. gxf5 Kf6 61. Rxh6+ Kxf5 62. Rh8 Kf6 63. Rf8+ Kg7 64. Rf4 Ra1
65. d5 Rd1 66. Ke6 1-0

[Event "Interclubs Adultes"]
[Site "LUTECE ECHECS"]
[Date "25.??.??"]
[Round "3.2"]
[White "Bouchet, Nicolas"]
[Black "Babault, Patrice"]
[Result "1-0"]
[WhiteElo "2298"]
[BlackElo "2334"]
[PlyCount "147"]
[EventDate "25.??.??"]
[WhiteTeam "Creteil"]
[BlackTeam "Lutèce Echecs"]

1. e4 c5 2. c3 Nf6 3. e5 Nd5 4. Nf3 e6 5. d4 cxd4 6. cxd4 d6 7. a3 Bd7 8. Bd3
Bc6 9. O-O Nd7 10. Re1 Rc8 11. Bg5 Be7 12. Bxe7 Qxe7 13. Nbd2 Nf4 14. Ne4 dxe5
15. dxe5 O-O 16. Qd2 Ng6 17. Neg5 h6 18. Bxg6 fxg6 19. Ne4 g5 20. Nd4 Bxe4 21.
Rxe4 Rfd8 22. Rd1 Nb6 23. Ree1 Nd5 24. g3 Nc7 25. Qa5 a6 26. Qb6 Re8 27. Qb3
Qf7 28. Rd2 Rb8 29. Re3 Qg6 30. Rf3 Kh8 31. Qc2 Qxc2 32. Rxc2 Re7 33. Rb3 Nd5
34. Nc6 Rc8 35. Nxe7 Rxc2 36. Nxd5 exd5 37. Rxb7 Kg8 38. Rd7 Rxb2 39. Rxd5 Kf7
40. Ra5 Ke6 41. Kg2 Rb3 42. h3 Kf5 43. a4 Ra3 44. Rxa6 Kxe5 45. a5 Kf5 46. g4+
Ke5 47. Ra8 Kf6 48. Rf8+ Kg6 49. Rf5 h5 50. Rb5 Ra4 51. Kf3 Rf4+ 52. Kg3 Ra4
53. Rb6+ Kh7 54. a6 Ra3+ 55. f3 hxg4 56. Kxg4 Ra5 57. Kg3 Ra2 58. Rc6 Ra4 59.
Kf2 Ra3 60. Rb6 Kg8 61. Ke2 Kf7 62. Rc6 Kg8 63. Kd2 Kh7 64. Kc2 Rxf3 65. Rc3
Rf8 66. a7 Kh6 67. Ra3 Ra8 68. Kd2 Kh5 69. Ra4 g4 70. hxg4+ Kh4 71. Ke3 g5 72.
Kf3 Rf8+ 73. Kg2 Ra8 74. Kh2 1-0

[Event "Interclubs Adultes"]
[Site "LUTECE ECHECS"]
[Date "25.??.??"]
[Round "3.3"]
[White "Lamorelle, Yves"]
[Black "Brih, Said"]
[Result "0-1"]
[WhiteElo "2233"]
[BlackElo "2207"]
[PlyCount "81"]
[EventDate "25.??.??"]
[WhiteTeam "Lutèce Echecs"]
[BlackTeam "Creteil"]

1. e4 c5 2. Nf3 Nc6 3. Bb5 g6 4. O-O Bg7 5. Re1 Nf6 6. c3 O-O 7. e5 Nd5 8. d4
cxd4 9. cxd4 d6 10. h3 Bf5 11. Nc3 Nc7 12. Ba4 Rb8 13. Qe2 Nb4 14. Bg5 d5 15.
Qd2 Nba6 16. Rac1 Bd7 17. Bb3 Bc6 18. h4 Ne6 19. Bh6 Qd7 20. h5 b5 21. Bxg7
Kxg7 22. Ne2 b4 23. Nf4 Nac7 24. Nd3 a5 25. Nc5 Nxc5 26. Rxc5 Ne6 27. Rxa5 Qc7
28. Rxd5 Qb7 29. Ra5 Bxf3 30. h6+ Kg8 31. gxf3 Qxf3 32. Bxe6 fxe6 33. Re3 Qf4
34. Rd3 Qh4 35. d5 Rf5 36. dxe6 Rbf8 37. Rd8 Rg5+ 38. Kf1 Qh1+ 39. Ke2 Qf3+ 40.
Kf1 Qg2+ 41. Ke2 0-1

[Event "Interclubs Adultes"]
[Site "LUTECE ECHECS"]
[Date "25.??.??"]
[Round "3.4"]
[White "Esprit, Yohann"]
[Black "Carpentier, Pierre"]
[Result "0-1"]
[WhiteElo "2206"]
[BlackElo "2168"]
[PlyCount "126"]
[EventDate "25.??.??"]
[WhiteTeam "Creteil"]
[BlackTeam "Lutèce Echecs"]

1. e4 e6 2. d4 d5 3. Nc3 Bb4 4. Bd3 dxe4 5. Bxe4 Nf6 6. Bd3 O-O 7. Nge2 b6 8.
a3 Be7 9. Bg5 Bb7 10. Qd2 Nbd7 11. O-O-O c5 12. f3 Rc8 13. h4 cxd4 14. Nxd4 Ne5
15. Nb3 Nxd3+ 16. Qxd3 Qxd3 17. Rxd3 Ba6 18. Rd4 h6 19. Bf4 Bc4 20. Nd2 Bd5 21.
Nxd5 Nxd5 22. Nb3 Bf6 23. Re4 Nxf4 24. Rxf4 Rfd8 25. Re4 h5 26. Kb1 Kf8 27. g4
Rd5 28. g5 Be7 29. Rf1 Rcd8 30. Kc1 a5 31. a4 R8d7 32. c3 e5 33. Kc2 f5 34.
gxf6 gxf6 35. f4 Kg7 36. fxe5 Rxe5 37. Rxe5 fxe5 38. Rf5 Bf6 39. Rf3 Kg6 40.
Nd2 Bxh4 41. Nc4 Re7 42. Re3 e4 43. Nxb6 Bf2 44. Nd5 Bxe3 45. Nxe7+ Kg5 46. Kd1
Kg4 47. Ke2 Bc5 48. Nd5 h4 49. b4 axb4 50. cxb4 Bd4 51. Ne3+ Bxe3 52. Kxe3 h3
53. Kxe4 h2 54. Kd5 h1=Q+ 55. Kc5 Qh5+ 56. Kb6 Qh6+ 57. Ka5 Qd2 58. Kb5 Qd5+
59. Ka6 Qc4+ 60. Ka5 Kf5 61. b5 Ke6 62. b6 Kd7 63. b7 Kc7 0-1

[Event "Interclubs Adultes"]
[Site "LUTECE ECHECS"]
[Date "25.??.??"]
[Round "3.5"]
[White "Maleki, Nicolas"]
[Black "Larrat, Philippe"]
[Result "1/2-1/2"]
[WhiteElo "2193"]
[BlackElo "2195"]
[PlyCount "44"]
[EventDate "25.??.??"]
[WhiteTeam "Lutèce Echecs"]
[BlackTeam "Creteil"]

1. e4 c5 2. Nf3 g6 3. d4 cxd4 4. Nxd4 Nf6 5. Nc3 Nc6 6. Be2 Bg7 7. Nb3 O-O 8.
O-O a5 9. a4 Nb4 10. Be3 d5 11. exd5 Nfxd5 12. Nxd5 Nxd5 13. Bd4 Nb4 14. Bxg7
Kxg7 15. c3 Nc6 16. Bb5 Qc7 17. Qe2 Be6 18. Nc5 Bd5 19. Qe3 b6 20. Nd3 Rad8 21.
Nf4 e5 22. Nh5+ gxh5 1/2-1/2

[Event "Interclubs Adultes"]
[Site "LUTECE ECHECS"]
[Date "25.??.??"]
[Round "3.6"]
[White "Lam, Sophie"]
[Black "Kirsch, Alain"]
[Result "0-1"]
[WhiteElo "2079"]
[BlackElo "2075"]
[PlyCount "62"]
[EventDate "25.??.??"]
[WhiteTeam "Creteil"]
[BlackTeam "Lutèce Echecs"]

1. e4 c5 2. Nf3 Nc6 3. d4 cxd4 4. Nxd4 Nf6 5. Nc3 e5 6. Nb3 Bb4 7. Bd3 d5 8.
exd5 Nxd5 9. Bd2 Nxc3 10. bxc3 Be7 11. O-O O-O 12. Qe2 f5 13. Rad1 Qc7 14. Bc4+
Kh8 15. f3 a6 16. Be3 b6 17. Bd5 Rb8 18. Bf2 Bd6 19. Kh1 Ne7 20. c4 e4 21. Bg1
Rf6 22. fxe4 Rh6 23. g4 Nxd5 24. exd5 Bd7 25. gxf5 Re8 26. Qg2 Qxc4 27. Rd4 Qe2
28. Rg4 Bb5 29. Rf2 Qd1 30. Rd2 Qb1 31. h3 Bf1 0-1

[Event "Interclubs Adultes"]
[Site "LUTECE ECHECS"]
[Date "25.??.??"]
[Round "3.7"]
[White "Wunderman, Xavier"]
[Black "Li, Frederic"]
[Result "1-0"]
[WhiteElo "2092"]
[BlackElo "2108"]
[PlyCount "59"]
[EventDate "25.??.??"]
[WhiteTeam "Lutèce Echecs"]
[BlackTeam "Creteil"]

1. e4 e5 2. f4 exf4 3. Bc4 Qh4+ 4. Kf1 d6 5. Nf3 Qh5 6. d4 Nf6 7. Nc3 Be7 8.
Bxf4 O-O 9. h3 c6 10. e5 Ne8 11. Ne2 d5 12. Ng3 Qg6 13. Bd3 f5 14. c3 Qf7 15.
Qc2 Nc7 16. Re1 Kh8 17. Bc1 f4 18. Ne2 g5 19. h4 Qh5 20. Kg1 gxh4 21. Nxf4 Qg4
22. Bxh7 Rxf4 23. Bxf4 Qxf4 24. Qg6 Qg4 25. Nxh4 Bxh4 26. Qxg4 Bxg4 27. Rxh4
Be6 28. Re3 Kg7 29. Bd3 Nd7 30. Rf4 1-0

[Event "Interclubs Adultes"]
[Site "LUTECE ECHECS"]
[Date "25.??.??"]
[Round "3.8"]
[White "L'Huillier, Helene"]
[Black "Dacalor, Aurelie"]
[Result "0-1"]
[WhiteElo "2022"]
[BlackElo "2023"]
[PlyCount "60"]
[EventDate "25.??.??"]
[WhiteTeam "Creteil"]
[BlackTeam "Lutèce Echecs"]

1. d4 Nf6 2. Nf3 d6 3. c4 g6 4. Nc3 Bg7 5. e4 O-O 6. Be2 Nbd7 7. O-O e5 8. d5
Nc5 9. Qc2 a5 10. Be3 Nfd7 11. a3 a4 12. Nd2 c6 13. b4 axb3 14. Nxb3 Nxb3 15.
Qxb3 Qe7 16. Rfd1 Kh8 17. Qb4 c5 18. Qb3 f5 19. f3 Nf6 20. Bg5 h6 21. Bxf6 Qxf6
22. Rf1 Qg5 23. Nb5 Qe7 24. Nc3 h5 25. Na4 b5 26. Nb6 bxc4 27. Bxc4 Ra5 28.
Nxc8 Rxc8 29. a4 Qa7 30. Bb5 c4+ 0-1

[Event "Interclubs Adultes"]
[Site "BELFORT"]
[Date "25.??.??"]
[Round "3.1"]
[White "Miltner, Arndt"]
[Black "Fedorchuk, Sergey A"]
[Result "0-1"]
[WhiteElo "2363"]
[BlackElo "2645"]
[PlyCount "62"]
[EventDate "25.??.??"]
[WhiteTeam "Gambsheim"]
[BlackTeam "Vincennes"]

1. Nf3 Nf6 2. e3 b6 3. b3 Bb7 4. Bb2 e6 5. g3 c5 6. Bg2 Be7 7. O-O O-O 8. c4 d5
9. Nc3 dxc4 10. bxc4 Nc6 11. Qc2 Rc8 12. Rfd1 Qc7 13. d3 Rfd8 14. Ne1 Ne8 15.
f4 a6 16. Rab1 Rb8 17. f5 exf5 18. Nd5 Qd6 19. Nf3 b5 20. Bh3 Bc8 21. Qg2 Bf8
22. Nh4 Ne7 23. e4 fxe4 24. Bxc8 Rbxc8 25. dxe4 Qe6 26. Qf3 Nd6 27. cxb5 axb5
28. Nxe7+ Qxe7 29. Rd5 Qxe4 30. Rbd1 Qxf3 31. Nxf3 Nb7 0-1